El futuro de la democracia / (Record no. 193068)

MARC details
000 -LEADER
campo de control de longitud fija 01582nam a22004215i 4500
001 - NÚMERO DE CONTROL
campo de control 193068
003 - IDENTIFICADOR DE NÚMERO DE CONTROL
campo de control SpMaBN
005 - FECHA Y HORA DE LA ÚLTIMA TRANSACCIÓN
campo de control 20251103225428.0
007 - CAMPO FIJO DE DESCRIPCIÓN FÍSICA--INFORMACIÓN GENERAL
campo de control de longitud fija ta
008 - DATOS DE LONGITUD FIJA--INFORMACIÓN GENERAL
campo de control de longitud fija 230727s1994 sp | ||| ||spa
016 7# - NÚMERO DE CONTROL DE UNA AGENCIA BIBLIOGRÁFICA NACIONAL
Número de control del registro bimoBNE19940256609
Fuente SpMaBN
017 ## - NÚMERO DE COPYRIGHT O DE DEPÓSITO LEGAL
Número de copyright o de depósito legal B 40350-1992
Agencia que asigna Oficina Depósito Legal Barcelona
020 ## - NÚMERO INTERNACIONAL ESTÁNDAR DEL LIBRO
Número Internacional Estándar del Libro 8439522460
035 ## - NÚMERO DE CONTROL DEL SISTEMA
Número de control de sistema (OCoLC)433532290
035 ## - NÚMERO DE CONTROL DEL SISTEMA
Número de control de sistema Mimo0000414967
040 ## - FUENTE DE CATALOGACIÓN
Centro catalogador/agencia de origen SpMaBN
Lengua de catalogación spa
Centro/agencia transcriptor SpMaBN
Normas de descripción rdc
Centro/agencia modificador ES-MaACL
080 ## - NÚMERO DE LA CLASIFICACIÓN DECIMAL UNIVERSAL
Número de la Clasificación Decimal Universal 321.7
100 1# - ENTRADA PRINCIPAL--NOMBRE DE PERSONA
Nombre de persona Bobbio, Norberto,
Fechas asociadas al nombre 1909-2004
Número de control del registro de autoridad o número normalizado XX858171
9 (RLIN) 233898
245 13 - MENCIÓN DEL TÍTULO
Título El futuro de la democracia /
Mención de responsabilidad, etc. Norberto Bobbio ; [traducción, Juan Moreno]
260 ## - PUBLICACIÓN, DISTRIBUCIÓN, ETC.
Lugar de publicación, distribución, etc. Barcelona :
Nombre del editor, distribuidor, etc. Planeta-Agostini,
Fecha de publicación, distribución, etc. cop. 1992
300 ## - DESCRIPCIÓN FÍSICA
Extensión 221 p. ;
Dimensiones 22 cm
336 ## - TIPO DE CONTENIDO
Fuente rdacontent
Término de tipo de contenido Texto
337 ## - TIPO DE MEDIO
Fuente rdamedia
Nombre/término del tipo de medio sin mediación
338 ## - TIPO DE SOPORTE
Fuente rdacarrier
Nombre/término del tipo de soporte volumen
490 1# - MENCIÓN DE SERIE
Mención de serie Obras maestras del pensamiento contemporáneo ;
Designación de volumen o secuencia 78
500 ## - NOTA GENERAL
Nota general Traducción de: Il futuro della democrazia
500 ## - NOTA GENERAL
Nota general Catalogación provisional. Signatura: N 8559. Depósito J.
650 #7 - PUNTO DE ACCESO ADICIONAL DE MATERIA--TÉRMINO DE MATERIA
Término de materia o nombre geográfico como elemento de entrada Democracia
Fuente del encabezamiento o término embne
9 (RLIN) 11574
700 0# - ENTRADA AGREGADA--NOMBRE PERSONAL
Nombre de persona Moreno, Juan,
Títulos y otros términos asociados al nombre (traductor)
9 (RLIN) 83297
830 #0 - PUNTO DE ACCESO ADICIONAL DE SERIE-TÍTULO UNIFORME
Título uniforme Obras maestras del pensamiento contemporáneo (1992) ;
Designación de volumen o secuencia 78
9 (RLIN) 233899
852 ## - LOCALIZACIÓN
Ubicación ES-MaACL
itemnumber 200373
Sublocalización o colección R.152723
Número de control de estantería N-8559
Ubicación en estantería Depósito J
Donativo/Legado Donación: Editorial
Nota libre En proceso
942 ## - ELEMENTOS DE ENTRADA SECUNDARIOS (KOHA)
Suprimir en OPAC No
Tipo de ítem Koha Libro impreso
Holdings
Estatus retirado Estado de pérdida Fuente del sistema de clasificación o colocación Estado de daño No para préstamo Biblioteca de origen Biblioteca actual Ubicación en estantería Fecha de adquisición Fuente de adquisición Total de préstamos Signatura topográfica completa Código de barras Visto por última vez Precio de reemplazo Tipo de ítem Koha
    Clasificación decimal universal     Biblioteca del Ateneo de Madrid Biblioteca del Ateneo de Madrid Depósito J 07/05/2019 Donación   N-8559 101205666 27/07/2023 27/07/2023 Libro impreso